Über die Derivate der Asaronsäure

Elmentve itt :
Bibliográfiai részletek
Szerző: Haraszti József
Dokumentumtípus: Cikk
Megjelent: 1931
Sorozat:Acta chemica, mineralogica et physica 2 No. 2
Kulcsszavak:Fenolszármazékok
Tárgyszavak:
Online Access:http://acta.bibl.u-szeged.hu/23285
LEADER 00698nab a2200205 i 4500
001 acta23285
005 20220504112933.0
008 161017s1931 hu o 0|| ger d
022 |a 0365-8074 
040 |a SZTE Egyetemi Kiadványok Repozitórium  |b hun 
041 |a ger 
100 1 |a Haraszti József 
245 1 0 |a Über die Derivate der Asaronsäure  |h [elektronikus dokumentum] /  |c  Haraszti József 
260 |c 1931 
300 |a 77-80 
490 0 |a Acta chemica, mineralogica et physica  |v 2 No. 2 
650 4 |a Természettudományok 
650 4 |a Kémiai tudományok 
695 |a Fenolszármazékok 
856 4 0 |u http://acta.bibl.u-szeged.hu/23285/1/chem_min_phys_002_fasc_02_077-080.pdf  |z Dokumentum-elérés